| 000 | 004010000a22001690004500 | ||
|---|---|---|---|
| 005 | 20120302054215.0 | ||
| 942 | _cBOOK | ||
| 100 | _a Anderson,Lindsay | ||
| 100 | _a Tynan,Kenneth and others | ||
| 245 | _a Declaration | ||
| 260 | _aLondon:MacGibbon and Kee,1958 | ||
| 300 | _a202p | ||
| 040 | _aENG | ||
| 365 | _bRs. | ||
| 650 | _aAutobiography | ||
| 650 | _aJohn Osborne-Colin Wilson-John Wain | ||
| 999 |
_c344979 _d344976 |
||